| 000 | 00556nam a2200205 a 4500 | ||
|---|---|---|---|
| 005 | 20210223121034.0 | ||
| 008 | 991125s1975 bar 000 0 spa u | ||
| 020 | _a8433532057 | ||
| 035 | _aUPN01000011238 | ||
| 049 | _aCG | ||
| 050 | 4 |
_aJF98 _bW4.2 1975 |
|
| 100 | 1 | _aWheare, Kenneth C. | |
| 245 | 1 | 4 |
_aLas constituciones modernas / _cKenneth C. Wheare. |
| 250 | _a2a ed. | ||
| 260 |
_aBarcelona, Esp. : _bLabor, _c1975. |
||
| 300 | _a150 p. | ||
| 440 | 0 |
_aNueva colección Labor. _pverde ; _v129 |
|
| 650 | 4 |
_aCONSTITUCIONES _910178 |
|
| 905 | _aLibro | ||
| 999 |
_c11238 _d11238 |
||